000 00288nam a2200121Ia 4500
008 190216s9999||||xx |||||||||||||| ||und||
100 _aDr.Alokkumar Rasthogi
245 0 _aHindi-Sharan Granthavali
260 _bJanayan Prakashan
_c2005
300 _a380
650 _aHindi
942 _cBK
999 _c16722
_d16722